000
00243nam a22001217a 4500
082
_a
474
_b
KAM/M
100
_a
KAMALESHWAR
245
_a
MARI PRIYA KAHANIYAM
260
_a
DELHI
_b
RAJPAL
300
_a
128
650
_a
STORY
_z
DELHI
942
_c
BK
999
_c
4710
_d
4710